00472nam a2200193 a 4500001001300000003000900013005001700022008004100039020000800080082001700088100001500105245002500120260004900145300000900194500003500203505001000238650001500248700001500263nice12345678IN_TiNIC20260116011557.0050524s0000 seca grp 000 0 eng  ac000a297.86bALL2 aAlladin, A aMessage from Heaven. aSecunderabadbAnjuman-E-Taraqi-E-Islamc0000 a28p. aincludes index and biblioraphy2 aindex aAhmadiyyah1 aAlladin, A